Missing Word: TV Shows with 'B' Quiz Stats

 Plays Quiz Updated Aug 28, 2012

Support Sporcle.
Go Orange.
Score 0/20 Timer 02:00
0 Plays Today
Television Show Missing Word % Correct
The ___ Bang TheoryBig
98.7%
The Fresh Prince of ___-AirBel
96.2%
_______ Hills, 90210Beverly
94.7%
Father Knows ____Best
94.4%
Ugly _____Betty
89%
________ & SistersBrothers
87.7%
Are You ______ Served?Being
86.8%
Pinky and the _____Brain
84.4%
The ____ and the BeautifulBold
81.1%
____ NoticeBurn
77.7%
Television Show Missing Word % Correct
______ and the GeekBeauty
75.6%
Murphy _____Brown
75.3%
______ LegalBoston
73.3%
Cake ____Boss
66.5%
Gentle ___Ben
51.2%
China ______Beach
33.2%
_______ JonesBarnaby
31.4%
The ______ WomanBionic
30.1%
Angry _______Beavers
29.4%
American _________Bandstand
15.3%

Today's Daily Dose

Missing Word
Inventors

Word Ladder
Feud Chain

Get the Picture
Domestic Movie Titles

From the Vault

One-Word Beatles Songs

by have_a_nice_day

Music 6m
You might need to get some [Answer Redacted] on this Beatles quiz...
Remove Ads.
Support Sporcle.
Get the best of Sporcle when you Go Orange. This ad-free experience offers more features, more stats, and more fun while also helping to support Sporcle. Thank you for becoming a member.

Show Comments

Extras

Top Quizzes Today


Score Distribution

Your Account Isn't Verified!

In order to create a playlist on Sporcle, you need to verify the email address you used during registration. Go to your Sporcle Settings to finish the process.

Report this User

Report this user for behavior that violates our Community Guidelines.

Details: